00417 2200169 4500001002100000005001500021008004100036020001800077035001900095041000700114082000800121090001400129100001400143245002500157260003300182300003200215INLIS00000000000068920241224112220241224||||||||| | ||| |||| || |  a979-407-894-8 0010-1224000689 aid0 a300 a300 LEM p0 aLemhannas00aPembangunan Nasional aJakartabbalai pustakac1997 axii, 148 hlm.: bibl.; 22 cm